Κατάλογος Βιβλιοθηκών Mediterranean College

ΣΤΟΙΧΕΙΑ ΕΔΑΦΟΜΗΧΑΝΙΚΗΣ (Record no. 7527)

MARC details
000 -LEADER
fixed length control field 01260cam a22002294a 4500
005 - ΗΜΕΡΟΜΗΝΙΑ ΚΑΙ ΩΡΑ ΤΕΛΕΥΤΑΙΑΣ ΕΝΗΜΕΡΩΣΗΣ
Πεδίο ελέγχου 20250605164311.0
008 - FIXED-LENGTH DATA ELEMENTS--GENERAL INFORMATION
Πεδίο ελέγχου σταθερού μήκους 250528s ||||||||||||||||||||||||d
035 ## - SYSTEM CONTROL NUMBER
System control number 22475
020 ## - ISBN
ISBN 9789604561575
040 ## - ΠΗΓΗ ΚΑΤΑΛΟΓΟΓΡΑΦΗΣΗΣ
Φορέας πρωτότυπης καταλογογράφησης MC Athens Campus Library
Γλώσσα καταλογογράφησης Ελληνικά, Μοντέρνα (1453-)
Modifying agency MC Athens Campus Library
Κανόνες περιγραφικής καταλογογράφησης AACR2
245 1# - ΤΙΤΛΟΣ ΚΑΙ ΔΗΛΩΣΗ ΥΠΕΥΘΥΝΟΤΗΤΑΣ
Τίτλος ΣΤΟΙΧΕΙΑ ΕΔΑΦΟΜΗΧΑΝΙΚΗΣ
250 ## - EDITION STATEMENT
Edition statement 1
260 ## - PUBLICATION, DISTRIBUTION, ETC.
Name of publisher, distributor, etc. Ζήτη,
Date of publication, distribution, etc. 2011
300 ## - PHYSICAL DESCRIPTION
Extent 451
505 0# - FORMATTED CONTENTS NOTE
Formatted contents note ΣΤΟΙΧΕΙΑ ΜΗΧΑΝΙΚΗΣ ΣΥΜΠΕΡΙΦΟΡΑΣ ΤΟΥ ΕΔΑΦΟΥΣ ΜΕΘΟΔΟΙ ΑΝΑΛΥΣΗΣ ΩΘΗΣΕΙΣ ΤΟΥ ΕΔΑΦΟΥΣ ΕΥΣΤΑΘΕΙΑ ΠΡΑΝΩΝ ΦΕΡΟΥΣΑ ΙΚΑΝΟΤΗΤΑ ΕΠΙΦΑΝΕΙΑΚΩΝ ΘΕΜΕΛΙΩΣΕΩΝ ΑΞΟΝΙΚΗ ΦΕΡΟΥΣΑ ΙΚΑΝΟΤΗΤΑ ΠΑΣΣΑΛΩΝ
520 ## - SUMMARY, ETC.
Summary, etc. ΣΤΟΙΧΕΙΑ ΜΗΧΑΝΙΚΗΣ ΣΥΜΠΕΡΙΦΟΡΑΣ ΤΟΥ ΕΔΑΦΟΥΣ ΜΕΘΟΔΟΙ ΑΝΑΛΥΣΗΣ ΩΘΗΣΕΙΣ ΤΟΥ ΕΔΑΦΟΥΣ ΕΥΣΤΑΘΕΙΑ ΠΡΑΝΩΝ ΦΕΡΟΥΣΑ ΙΚΑΝΟΤΗΤΑ ΕΠΙΦΑΝΕΙΑΚΩΝ ΘΕΜΕΛΙΩΣΕΩΝ ΑΞΟΝΙΚΗ ΦΕΡΟΥΣΑ ΙΚΑΝΟΤΗΤΑ ΠΑΣΣΑΛΩΝ
700 1# - ΠΡΟΣΘΕΤΗ ΑΝΑΓΡΑΦΗ--ΦΥΣΙΚΟ ΠΡΟΣΩΠΟ
Personal name Γεωργιαδης Κωνσταντινος
9 (RLIN) 8295
700 1# - ΠΡΟΣΘΕΤΗ ΑΝΑΓΡΑΦΗ--ΦΥΣΙΚΟ ΠΡΟΣΩΠΟ
Personal name Γεωργιαδης Μιχαλης
9 (RLIN) 8296
942 ## - ADDED ENTRY ELEMENTS (KOHA)
Koha item type Books
Holdings
Τύπος τεκμηρίου Βιβλιοθήκη Τρέχουσα τοποθεσία Barcode Αριθμός εισαγωγής Ημερομηνία απόκτησης Ταξιθετικό σύμβολο Αριθμός αντιτύπου Κατάσταση απόσυρσης Κατάσταση χαμένου Κατάσταση κατεστραμμένου Μη δανεισμός Σύνολο δανεισμών Ημερομηνία τελευταίας εμφάνισης Η τιμή ισχύει από
Books MC Thessaloniki Campus Library MC Thessaloniki Campus Library 9780000075260 1181 05/06/2025 624.15136 ΓΕΩ 1           05/06/2025 05/06/2025

MC Athens Campus Library
Πατησίων 94 & Κοδριγκτώνος 13, 104 34
Πελλήνης 8 & Πατησίων 107, 112 51
Τ: +30 210 8899600

MC Thessaloniki Campus Library
Ίωνος Δραγούμη 21, 54625 | Ίωνος Δραγούμη 15, 54625
Τ: +30 2310 287779 – Τ: +30 2314 440300